[Event "RUS-ch 63rd"]
[Site "Moscow"]
[Date "2010.12.11"]
[Round "1"]
[White "Khismatullin, Denis Rimovich"]
[Black "Nepomniachtchi, Ian"]
[Result "0-1"]
[WhiteElo "2659"]
[BlackElo "2720"]
[Annotator "Ftacnik,L"]
[PlyCount "56"]
[EventDate "2010.12.11"]
[EventType "tourn"]
[EventRounds "11"]
[EventCountry "RUS"]
[EventCategory "19"]
[SourceTitle "CBM 140"]
[Source "ChessBase"]
[SourceDate "2011.01.18"]
[SourceVersion "1"]
[SourceVersionDate "2011.01.18"]
[SourceQuality "1"]

1. Nf3 Nf6 2. c4 g6 3. g3 Bg7 4. Bg2 O-O 5. O-O d5 6. cxd5 Nxd5 7. d4 Nc6 8.
Nc3 Nb6 9. e3 Re8 10. Re1 a5 {The clever idea of waiting for the opponent's
action with the waiting move 10.Re1 was seriously undermined during Khanty
Mansiysk ol 2010. White players are struggling to get any advantage from the
opening.} 11. Qc2 {Khismatullin is trying to be clever, since the main
discussion in this variation is linked to the position after 11.Qe2.} (11. Qe2
Be6 12. Nd2 (12. Rd1 Bc4 13. Qc2 Nb4 14. Qb1 e5 15. a3 exd4 16. exd4 (16. axb4
dxc3 17. Rxd8 Raxd8 18. bxc3 Rd1+ 19. Bf1 Bxf1 20. Qc2 Be2+ 21. Kg2 {1/2-1/2
Amanov,M (2506)-Young,G (2296)/Las Vegas 2010}) 16... N4d5 17. Bg5 f6 18. Bd2
Nxc3 19. bxc3 Qd7 20. Qc2 Bd5 21. Re1 Qc6 22. Nh4 Nc4 $11 {0-1 Pozo Vera,S 
(2470)-Espinosa Veloz,E (2407)/Santa Clara 2010 (38)}) 12... a4 13. Rd1 f5 14.
Rb1 Bf7 15. b3 axb3 16. axb3 Nd5 17. Bb2 Qd7 18. Na4 b6 19. Nf3 Na5 20. Ng5
Nxb3 21. Nxf7 Rxa4 22. Nd6 Qxd6 23. Qb5 Rd8 24. Qxa4 {1-0 Harikrishna,P (2657)
-So,W (2669)/Guangzhou 2010 (31)}) 11... e5 {[%mdl 4] Black can afford to open
up the position as the location of White's queen is giving him additional
possibilities.} (11... a4 12. Rd1 h6 (12... Bf5 13. Qe2 Qc8 14. d5 Na5 15. e4
Bh3 16. e5 Bxg2 17. Kxg2 c6 18. e6 f5 19. Be3 Nxd5 20. Nxd5 cxd5 21. Bd4 Bf6
22. Qe3 Nc4 23. Qh6 Bxd4 24. Rxd4 Qxe6 25. Ng5 Qf6 26. Qxh7+ Kf8 27. Qh6+ Kg8 {
1-0 Gunina,V (2448)-Lahno,K (2539)/Moscow 2010 (76)} 28. Rxd5 $16) 13. h3 Be6
14. e4 Qc8 15. Kh2 Nb4 16. Qb1 Bc4 17. Be3 e6 18. Qc1 Nd3 19. Qc2 Nb4 20. Qc1
Nd3 21. Qd2 Kh7 22. b3 Ba6 23. Bf1 Nb4 24. Nxa4 Nxa4 25. Qxb4 c5 26. Qd2 Bxf1
27. Rxf1 cxd4 28. Bxd4 Bxd4 29. Nxd4 Qc3 {1/2-1/2 Huzman,A (2605)
-Nepomniachtchi,I (2706)/Plovdiv 2010 (30)} 30. Qf4 Qxd4 31. Rad1 g5 32. Rxd4
gxf4 33. bxa4 $14) (11... Bf5 12. e4 Bg4 13. d5 Nb4 14. Qb1 e6 15. a3 Na6 16.
dxe6 Bxe6 17. Bg5 Qc8 18. Qc2 Nc5 19. Nd5 Bxd5 20. exd5 Na6 21. Rxe8+ Qxe8 22.
d6 Qd7 23. dxc7 Qxc7 24. Rc1 $14 {1/2-1/2 Rombaldoni,D (2501)-Li,C (2633)/
Khanty Mansiysk 2010 (80)}) (11... Be6 12. b3 a4 13. Ba3 axb3 14. axb3 Bf5 15.
Qc1 Qc8 16. Bb2 Rxa1 17. Qxa1 Nb4 18. Rd1 Qa8 19. e4 Bg4 20. Qc1 Nc6 21. Nd5
Nxd5 22. exd5 Nb4 $11 {1-0 Gunina,V (2462)-Huang Qian (2447)/Ningbo 2010 (61)})
12. Nxe5 (12. d5 Nb4 (12... Nxd5 13. Rd1 Ncb4 14. Qb1 e4 15. Nxe4 Bf5 16. Nh4
Bg4 17. Rd2 c6 $15) 13. Qb3 N4xd5 14. Rd1 Be6 15. e4 a4 16. Qa3 Bf8 17. exd5
Bxa3 18. dxe6 Bd6 19. exf7+ Kxf7 $17) 12... Nxe5 13. dxe5 Bxe5 14. e4 c6 15. f4
{The first player believes that his chances must be good even though it is not
easy to complete his development.} (15. Be3 Nc4 16. Rad1 Qf6 17. Bf4 Bxf4 18.
gxf4 Bg4 19. Ne2 $11) 15... Bd4+ 16. Kh1 (16. Be3 Bxe3+ 17. Rxe3 Nc4 18. Rd3
Qb6+ 19. Qf2 Qxb2 20. Qxb2 Nxb2 21. Rd4 c5 22. Rd5 b6 23. Bf1 Ba6 24. Bxa6 Rxa6
25. Rd7 $11) 16... Nd5 $5 {Please note: this is the first moment when
Nepomniachtchi exploits the d5-square for his pieces with great effect.} 17.
Rd1 (17. Nxd5 cxd5 18. Rd1 Bb6 19. h3 Qe7 $11) 17... Nb4 18. Qe2 (18. Qd2 c5
19. a3 Nc6 20. Qe2 $11) 18... Qb6 19. a3 Nd5 $1 {The second move was even more
precarious than the first one, Black had to calculate the consequences of his
courage rather carefully.} (19... Na6 20. Qd3 Bg7 21. e5 $14) 20. Qc2 (20. Na4
Qa7 21. Qd3 Ne3 22. Qxd4 Qxd4 (22... Nxd1 $2 23. Qxd1 Bf5 24. Nc3 $18) 23. Rxd4
Nc2 24. Nb6 Ra6 25. Nxc8 Rxc8 26. Rd7 Nxa1 27. Rxb7 Raa8 $15) 20... Nf6 (20...
Bg4 21. Rd3 Nf6 22. h3 Bf5 23. Rd1 Be6 $15) 21. h3 Be6 22. Na4 (22. Rd3 Bb3 23.
Qd2 Rad8 $17) 22... Qa7 23. Bd2 (23. e5 Nd5 24. Qd3 Bf2 25. Nc3 Nxc3 26. bxc3
h5 $17) 23... Rad8 24. Bc3 {Finally White has managed to develop all his
pieces, but Black is actually trying for more than equality.} Nh5 (24... Bxc3
$5 25. Qxc3 Bxh3 $1 26. Bxh3 Rxd1+ 27. Rxd1 Nxe4 28. Qd4 Nxg3+ 29. Kh2 Qxd4 30.
Rxd4 Ne2 $17) 25. Bxd4 $6 (25. Kh2 Bf2 26. Be1 Bg1+ 27. Kh1 Bd4 $15) (25. Bf3
$1 $13) 25... Rxd4 26. Kh2 $2 {The naive defence of the g3-square is not
sufficient any more. White was obliged to seek salvation in active counterplay.
} (26. Qc5 Nxg3+ 27. Kh2 Qxc5 28. Nxc5 Ne2 (28... Rxd1 29. Rxd1 Nh5 30. Nxb7
Nxf4 31. Nxa5 c5 $15) 29. Rxd4 Nxd4 30. Nxb7 Rb8 31. Nxa5 Rxb2 32. Rc1 $15)
26... Rxa4 $1 27. f5 (27. Qxa4 Qe3 28. Rf1 (28. g4 Qg3+ 29. Kg1 Nxf4 30. Rd2
Nxh3+ $19) 28... Qxg3+ 29. Kg1 Bxh3 30. Qc2 Nxf4 31. Rxf4 Bxg2 32. Qf2 Qg5 33.
Qh4 Qxh4 34. Rxh4 Bxe4 $19) 27... Rc4 28. Qe2 Bd5 {The final move of the black
piece to the forbidden square is decisive.} 0-1

[Event "Corus"]
[Site "Wijk aan Zee"]
[Date "2000.01.22"]
[Round "6"]
[White "Nikolic, Predrag"]
[Black "Leko, Peter"]
[Result "0-1"]
[WhiteElo "2659"]
[BlackElo "2725"]
[Annotator "Ftacnik,L"]
[PlyCount "100"]
[EventDate "2000.01.15"]
[EventType "tourn"]
[EventRounds "13"]
[EventCountry "NED"]
[EventCategory "18"]
[SourceTitle "CBM 075"]
[Source "ChessBase"]
[SourceDate "2000.04.05"]
[SourceVersion "1"]
[SourceVersionDate "2000.04.05"]
[SourceQuality "1"]

1. d4 Nf6 2. c4 g6 3. Nf3 Bg7 4. g3 d5 5. Bg2 dxc4 6. Qa4+ Nfd7 7. O-O Nc6 8.
Qxc4 Nb6 9. Qc2 O-O 10. Rd1 Bg4 (10... Bf5 11. e4 (11. Qc5 Qd6 (11... a5 12.
Na3 a4 13. Bf4 Ra5 14. Qc1 Be4 15. Nc2 Rh5 16. g4 Rd5 17. Ne5 Nxd4 18. Nxd4
Bxg2 19. Nb5 Bh3 20. Nc3 Rxd1+ 21. Qxd1 a3 {0-1 Malich,B-Pilnik,H/Munich/1958/
(35)}) (11... e5 12. Nc3 (12. Bg5 Qd7 13. d5 Nd4 14. Nxd4 exd4 15. Rxd4 Na4 16.
Rxa4 Qxa4 17. Qc1 Bxb1 18. Rxb1 Qxa2 19. Qc2 a5 {0-1 Guimaraes,J-Tsuboi,E/
Dubai/1986/ (28)}) 12... exd4 13. Nb5 d3 14. exd3 Re8 15. Bf4 Rc8 16. d4 Bf8
17. Qc1 Nd5 18. Ne5 Ncb4 19. a3 Nxf4 20. Qxf4 Nd5 21. Qf3 c6 22. Nxa7 f6 23.
Nxc8 fxe5 24. dxe5 Qxc8 {0-1 Fahnenschmidt,G-Conquest,S/Germany/1988/ (37)})
12. Qxd6 cxd6 13. Nc3 Rfc8 (13... Rac8 14. h3 Rfd8 15. e4 Bd7 16. Bf1 Nb4 17.
a3 Nc2 18. Rb1 Kf8 19. g4 h6 20. Bd3 Nxd4 21. Nxd4 Bxd4 22. Bxh6+ Bg7 23. Bxg7+
Kxg7 24. Ne2 {1/2-1/2 Alburt,L-Ribli,Z/Luzern/1982/ (48)}) 14. e3 Rab8 15. Ne1
Nb4 16. a3 Nc2 17. Nxc2 Bxc2 18. Re1 Bb3 19. Bf1 d5 20. a4 e6 21. Bd2 Bf8 22.
a5 Nc4 {0-1 Pedersen,E-Benko,P/Marianske Lazne/1951/ (40)}) (11. Qb3 a5 12. Na3
a4 13. Qc3 e5 14. Bg5 exd4 15. Qd2 Qd7 16. Bh6 Rfd8 17. Bxg7 Kxg7 18. Nb5 d3
19. exd3 Qxd3 20. Nxc7 Qxd2 21. Rxd2 Rxd2 22. Nxd2 Rd8 23. Nf1 Nc4 24. b3 {
1/2-1/2 Smyslov,V-Stean,M/Teeside/1975/ (24)}) (11. Qd2 e5 (11... Be4 12. Nc3
Bxf3 13. Bxf3 Nxd4 14. Bxb7 Rb8 15. Be4 Nc4 16. Qe1 Nd6 17. Bd3 c5 18. b3 Re8
19. Be3 Qa5 20. Rac1 {1-0 Djuric,S-Kozul,Z/Nova Gorica/1997/ (34)}) (11... Qc8
12. Qf4 Rd8 13. Nc3 Bc2 14. Rd2 Nxd4 15. Rxd4 Rxd4 16. Nxd4 e5 17. Qd2 exd4 18.
Qxc2 dxc3 19. bxc3 c6 20. Rb1 Qe6 {1/2-1/2 Kurajica,B-Pelletier,Y/Dresden/1998/
(39)}) 12. dxe5 Nxe5 (12... Qxd2 13. Bxd2 Nxe5 14. Nxe5 Bxe5 15. Bc3 Rfd8 16.
Rc1 Bxc3 17. Nxc3 c6 18. Rd1 a5 19. Be4 Be6 20. b3 Kf8 {0-1 Sygulski,A-Pribyl,
J/Jurmala/1987/ (46)}) (12... Qe7 13. Qg5 f6 14. exf6 Bxf6 15. Qe3 Qxe3 16.
fxe3 Rad8 17. Rxd8 Rxd8 18. Nbd2 Na4 19. e4 Be6 20. e5 Nxe5 21. Nxe5 Bxe5 22.
Bxb7 Bd4+ 23. Kf1 Nxb2 {0-1 Bouchard,J-Charbonneau,P/Trois Rivieres/ 1999/ (50)
}) 13. Nxe5 Bxe5 14. Bxb7 Rb8 15. Qxd8 Rfxd8 16. Rxd8+ Rxd8 17. Nc3 Bxc3 18.
bxc3 Rd1+ 19. Kg2 Na4 20. c4 Bc2 21. Bf3 Re1 22. Bb2 {1-0 Tomaszewski,
R-Schmidt,W/POL-ch/1987/ (33)}) 11... Bg4 12. d5 (12. Be3 Bxf3 13. Bxf3 Nxd4
14. Bxd4 Bxd4 15. e5 c5 16. Bxb7 Rb8 17. Bf3 Nd7 18. Nc3 Nxe5 19. Bg2 (19. Be2
Qd7 20. Rab1 Rfd8 21. b3 Ng4 {0-1 Prada Lopez,M-Paunovic,D/San Sebastian/ 1991/
(38)}) 19... Qa5 20. Rac1 Rfd8 21. h3 c4 22. Bf1 {0-1 Canovas,M-Fernandez,J/
Teneriffe/1989/ (26)}) 12... Ne5 (12... Bxf3 13. Bxf3 Nd4 14. Qd3 Nxf3+ (14...
c5 15. Nd2 Rc8 16. Bg2 c4 17. Qf1 Qd7 18. Nf3 Nxf3+ 19. Bxf3 Na4 20. e5 Bxe5
21. Qe2 Bg7 22. Bg5 Rfe8 {0-1 Zeh,R-Kyas,J/Cattolica/1993/ (36)}) (14... e6 15.
Nc3 exd5 16. exd5 Qf6 17. Bg2 Rad8 18. Bf4 Ne6 {1/2-1/2 Grabarczyk,M-Jansa,V/
Germany/1996/ (18)}) 15. Qxf3 Qd7 16. Nc3 Na4 (16... Rfd8 17. Bf4 c6 18. Rac1
Bxc3 19. dxc6 Qxc6 20. Rxd8+ Rxd8 21. Rxc3 Qe6 {1/2-1/2 McNab,C-Orsag,M/
Cappelle la Grande/1998/ (25)}) 17. Nxa4 Qxa4 18. Bf4 c6 19. e5 cxd5 20. Qxd5
Qb4 21. Rac1 Qb6 22. b3 Rad8 23. Qc4 Rxd1+ 24. Rxd1 Rd8 {1/2-1/2 Kristiansen,
E-Bjerke,R/NOR/1990/ (28)}) 13. Nbd2 (13. Qb3 a5 14. a4 Qd6 15. Bd2 Qf6 16. Ne1
Bxd1 17. Qxd1 Qd6 18. Bc3 Ned7 19. f4 Qc5+ 20. Kh1 c6 21. Nd3 Qe3 {0-1
Borkowski,F-Panczyk,K/Lublin/1988/ (39)}) 13... Qc8 (13... f5 14. Re1 Qd6 (
14... Nxf3+ 15. Nxf3 fxe4 16. Qxe4 Bf5 17. Qh4 Nxd5 18. Bh6 e6 19. Ng5 Bxh6 20.
Qxh6 Qd7 21. Rad1 {1/2-1/2 Danailov,S-Ftacnik,L/Vienna/1996/ (62)}) 15. Nxe5
Qxe5 16. Nc4 Nxc4 17. Qxc4 Qd4 18. Qxd4 Bxd4 19. e5 f4 20. gxf4 g5 21. Re4 Bb6
22. Be3 gxf4 23. Rxf4 Rxf4 24. Bxf4 {1-0 Gdanski,P-Ivanov,S/Leningrad/1989/ 
(63)}) 14. Re1 c6 15. Nxe5 Bxe5 16. Nf3 (16. dxc6 Qxc6 17. Qxc6 bxc6 18. Nb3
Na4 19. f4 Bxb2 20. Bxb2 Nxb2 21. Rab1 Na4 {1/2-1/2 Lupu,M-Milu,R/Herculane/
1996/ (21)}) 16... Bxf3 17. Bxf3 cxd5 18. Qxc8 Raxc8 19. exd5 Nc4 20. Rb1 Bf6
21. Bg2 Nd6 22. Re2 Nf5 {1/2-1/2 Udovcic,M-Filip,M/Zagreb/1955/ (32)}) 11. e3
e5 $5 (11... Qd5 12. Nbd2 Qh5 13. Re1 Nb4 14. Qb3 a5 15. a3 Be6 16. Qd1 Nd3 17.
Rf1 a4 18. Qe2 Nxc1 19. Rfxc1 c6 20. Ne4 Bg4 21. Rc5 f5 22. Ned2 {1-0 Dunsbach,
R-Jansa,V/Passau/1999/ (60)}) (11... Qc8 12. a3 Rd8 13. Nc3 Na5 14. b4 Nac4 15.
Re1 c6 16. Rb1 e5 17. dxe5 Bxf3 18. Bxf3 Nxe5 19. Be2 Qh3 20. f3 Rd7 21. Ne4
Qf5 {0-1 Panczyszyn,W-Blandzi,D/Wisla/1998/ (39)}) 12. dxe5 (12. d5 Nxd5 (12...
Ne7 13. h3 Bxf3 14. Bxf3 Qd7 $13) 13. Qb3 Qf6 14. Rxd5 Bxf3 15. Bxf3 Qxf3 16.
Nd2 Qg4 17. Qxb7 Nb4 $15) (12. h3 Bxf3 13. Bxf3 exd4 14. Bxc6 bxc6 15. Qxc6 Qc8
$11) 12... Qc8 13. Re1 Rd8 14. Nc3 (14. Nbd2 Nb4 15. Qc3 Nd3 16. Rf1 c5 $15)
14... Nc4 15. Nd5 Rxd5 (15... Bxf3 16. Bxf3 N4xe5 17. Bg2 Qg4 18. Qd1 $11) (
15... N4xe5 16. Nxe5 Bxe5 17. Qxc6 $5 bxc6 18. Ne7+ Kg7 19. Nxc8 Raxc8 $11) 16.
Qxc4 Rd8 {White has obviously got no advantage from the opening, on the
contrary his queenside pieces still has to be developed.} 17. Qb3 Be6 18. Qc3
Bg4 19. Qb3 (19. e4 Qe6 (19... Bxf3 20. Qxf3 Nxe5 21. Qe2 $15) 20. Ng5 Qxe5 21.
Qb3 Qe7 22. Qxb7 Nd4 $15) 19... Rb8 20. a3 (20. e4 Bxf3 21. Bxf3 Nxe5 $15)
20... Qd7 21. Rb1 Nxe5 22. Nxe5 Bxe5 23. e4 (23. f4 Bd1 24. Qc4 Bf6 $15) 23...
Be6 24. Qc2 Qb5 25. b4 (25. Be3 Bb3 26. Qe2 Bc4 $15) 25... Bc4 26. Bf1 $6 {
Nikolic misses the golden chance to benefit from the tactical sacrifice of the
exchange.} (26. Bb2 $5 Bd3 27. Qc5 Qxc5 28. bxc5 Bxb1 29. Bxe5 Re8 30. Bxc7
Rbc8 31. Bd6 Bd3 32. e5 $44) 26... Bxf1 27. Rxf1 Qd3 $1 28. Qxd3 Rxd3 29. b5 (
29. Bb2 Bxb2 30. Rxb2 Re8 31. f3 Rxa3 $17) 29... Re8 30. Rb4 (30. f3 h5 $17)
30... Rd4 31. Rxd4 (31. Be3 Rxb4 32. axb4 Bd6 33. Ra1 Rxe4 34. Rxa7 b6 35. Bd2
f5 $17) 31... Bxd4 32. Re1 (32. Bf4 $5 Rxe4 33. Rc1 (33. Bxc7 Bc5 $17) 33... c5
34. bxc6 bxc6 35. Rxc6 Re2 $15) 32... f5 33. Bf4 Rxe4 34. Rxe4 $2 {[%mdl 4096]
White must have understimated black's winning chances, otherwise he would
hardly have parted with his potentialy active rook.} (34. Rc1 $5 Be5 (34... c5
35. bxc6 bxc6 36. Rxc6 Re2 37. Rc8+ Kf7 38. Rc7+ Ke6 39. Be3 Bxe3 40. fxe3 $11)
35. Bxe5 Rxe5 36. Rxc7 Rxb5 37. h4 $15) 34... fxe4 35. Bxc7 Kf7 36. Kf1 (36.
Kg2 Ke6 37. f3 Kd5 38. fxe4+ Kxe4 39. a4 Kd3 $17) 36... Ke6 37. Ke2 Kd5 38. Bf4
(38. f3 exf3+ 39. Kxf3 Kc4 $17) 38... Bc5 $1 (38... Kc4 $2 39. Be3 $1 Bxe3 40.
Kxe3 Kxb5 41. Kxe4 Ka4 42. f4 Kxa3 43. g4 b5 44. f5 $18) 39. a4 (39. Be3 b6 40.
Bxc5 bxc5 41. Ke3 Kc4 42. Kxe4 Kb3 43. f4 c4 44. g4 c3 $19) 39... Kc4 40. Be3
b6 $1 {The key to black's success, as white is not able to get closer towards
the e4 pawn. He would have to swap the bishops, but then c pawn runs to
queening square.} 41. Bd2 (41. Bxc5 bxc5 42. Ke3 Kb4 43. Kxe4 Kxa4 44. f4 c4
45. g4 c3 $19) 41... Kb3 42. a5 (42. f3 exf3+ 43. Kxf3 Kxa4 $19) 42... bxa5 43.
Bxa5 Ka4 44. Bd2 Kxb5 45. f3 exf3+ (45... e3 $6 46. Bxe3 Bxe3 47. Kxe3 a5 48.
Kd2 $17) 46. Kxf3 Bb4 47. Bc1 a5 48. Kg4 a4 49. Kg5 Kc4 $1 (49... a3 $2 50.
Bxa3 Bxa3 51. Kh6 $11) 50. Kh6 Kd3 (50... Kd3 51. Kxh7 Kc2 52. Bg5 a3 53. Bf6
a2 54. Kxg6 Bc3 $19) 0-1

[Event "St Petersburg"]
[Site "St Petersburg"]
[Date "1997.04.23"]
[Round "7"]
[White "Salov, Valery"]
[Black "Sakaev, Konstantin"]
[Result "1/2-1/2"]
[WhiteElo "2665"]
[BlackElo "2580"]
[Annotator "Ftacnik,L"]
[PlyCount "120"]
[EventDate "1997.??.??"]
[EventType "tourn"]
[EventRounds "11"]
[EventCountry "RUS"]
[EventCategory "14"]
[SourceTitle "CBM 059"]
[Source "ChessBase"]
[SourceDate "1997.08.01"]
[SourceVersion "1"]
[SourceVersionDate "1997.08.01"]
[SourceQuality "1"]

1. d4 Nf6 2. c4 g6 3. Nf3 Bg7 4. g3 O-O 5. Bg2 d5 6. cxd5 Nxd5 7. O-O Nb6 8.
Nc3 Nc6 9. e3 Re8 10. d5 Na5 11. Nd4 Bd7 12. Qe2 Qc8 13. Bd2 (13. Rd1 c6 (13...
c5 14. Nb3 Nxb3 15. axb3 a6 (15... a5 16. e4 a4 17. Ra3 axb3 18. Rxb3 Ra6 19.
Be3 Na4 20. Rc1 Nxc3 21. bxc3 c4 22. Rb6 e6 {1-0 Ioseliani,N-Arakhamia,K/
Tbilisi/1991 (39)}) 16. e4 e6 17. d6 Bc6 18. h4 Nd7 19. Be3 b6 20. h5 Qb7 21.
hxg6 hxg6 {Lein,A-Ftacnik,L/Palma de Mallorca GMA (06)/1989/0-1 (55)}) 14. e4 (
14. dxc6 Nxc6 15. Nxc6 Bxc6 16. e4 Qe6 17. Be3 Qc4 18. Qd2 Qb4 19. Bxb6 Qxb6
20. Nd5 Qxb2 21. Qxb2 Bxb2 22. Rab1 Be5 23. Nb4 Ba4 {0-1 Kosic,D-Kozul,Z/Novi
Sad (02)/1992 (31)}) 14... cxd5 15. exd5 Nac4 16. b3 Nd6 17. Bb2 Bg4 18. f3 Bh3
19. Rac1 Bxg2 20. Kxg2 Qd7 21. Ne4 {1-0 Neckar,L-Mohr,S/Zuerich op (04)/1987/ 
(30)}) (13. a4 Bh3 14. Ra2 Bxg2 15. Kxg2 c5 16. dxc6 Nxc6 17. a5 Nxd4 18. exd4
Nc4 19. Ra4 Nd6 20. Bf4 Nf5 21. Be5 Qe6 22. Bxg7 Qxe2 23. Nxe2 Kxg7 {Gomez
Esteban,J-Kudrin,S/Salamanca/1989/1/2-1/2 (65)}) 13... Nac4 14. Be1 Bxd4 $5 (
14... Bh3 15. Rd1) 15. exd4 Bh3 16. a4 Bxg2 17. Kxg2 a5 (17... Nd6 18. a5 Nd7
19. g4 $5 Nf6 20. f3) 18. b3 Nd6 19. g4 $1 {Playing for the limitation of the
opponents possibilities, the idea is f3 and Bg3. Gespielt mit die Idee
gegnerische Moglichkeiten zu begrenzen, Weiss will f3 und Bg3.} e6 (19... c6
20. dxc6 Qxc6+ 21. Qf3 $11) 20. dxe6 Qxe6 21. Qxe6 Rxe6 22. f3 Re3 (22... c6
23. Bg3 Rd8 $11) 23. Rc1 Rd3 24. Bf2 f5 25. Rfd1 Rxd1 26. Rxd1 fxg4 27. fxg4
Re8 28. h3 (28. d5 Nd7) 28... Nd7 29. Rd3 (29. Nd5 c6 30. Nc7 Rc8 31. Ne6 Nf6
$11) 29... Ne4 30. Nxe4 (30. Re3 Ndf6 $11) 30... Rxe4 31. Kf3 Re6 32. Bg3 (32.
d5 $2 Ne5+ 33. Kg3 Nxd3 34. dxe6 Nxf2 35. Kxf2 Kf8) 32... Rf6+ 33. Ke2 c6 34.
Bc7 (34. d5 $2 Nc5) 34... b6 35. Re3 Kf7 36. Kd3 h5 37. gxh5 (37. g5 Re6 38.
Rf3+ Ke7 $11) 37... gxh5 38. Kc4 Rf5 39. Bd8 b5+ 40. Kd3 (40. axb5 $5 cxb5+ 41.
Kd3 (41. Kc3 Nf6) 41... Nc5+ (41... Nf6 42. Bxa5 Nd5 43. Rg3 $16) 42. Kc3 b4+
43. Kc4 Ne6 44. Bb6 $16) 40... Rd5 41. axb5 (41. Bxa5 bxa4 42. b4 Nf8 $11)
41... Nc5+ 42. Kc3 (42. Kc4 Ne6 43. Bb6 Rxb5 $11) 42... Rxd8 43. dxc5 cxb5 44.
Re5 h4 45. Rh5 (45. c6 Rc8 46. Rc5 Ke6 $14) 45... Rg8 46. Kd4 Ke6 47. Rxh4 Rg3
48. Rh6+ Kd7 49. h4 (49. c6+ Kc7 50. Kc5 Rg5+ 51. Kd4 Rg3 $11) 49... Kc7 50.
Rh7+ Kc6 51. Rh6+ Kc7 52. Ra6 Rxb3 53. Rxa5 Rb4+ 54. Kd5 Rxh4 $11 55. Ra7+ Kb8
56. Re7 Rh5+ (56... b4 $11) 57. Kc6 Rh6+ 58. Kxb5 Kc8 59. Ra7 Kb8 60. Rd7 Kc8
1/2-1/2

[Event "RUS-ch 53rd"]
[Site "Samara"]
[Date "2000.06.19"]
[Round "3"]
[White "Bocharov, Dmitry"]
[Black "Grechihin, Valery"]
[Result "1-0"]
[WhiteElo "2475"]
[BlackElo "2521"]
[Annotator "Ftacnik,L"]
[PlyCount "105"]
[EventDate "2000.06.03"]
[EventType "swiss"]
[EventRounds "11"]
[EventCountry "RUS"]
[SourceTitle "CBM 078"]
[Source "ChessBase"]
[SourceDate "2000.10.18"]
[SourceVersion "1"]
[SourceVersionDate "2000.10.18"]
[SourceQuality "1"]

1. d4 Nf6 2. Nf3 g6 3. c4 Bg7 4. g3 O-O 5. Bg2 d5 6. cxd5 Nxd5 7. O-O Nb6 8.
Nc3 Nc6 9. d5 Na5 10. Qc2 Nxd5 11. Rd1 c6 12. Ne1 Bd7 13. Nxd5 cxd5 14. Rxd5 e6
15. Rd3 Rc8 16. Qd1 (16. Qd2 Nc4) 16... Rc7 17. Bf4 e5 18. Rc1 (18. Bg5 Qe8 $5
(18... Qxg5 19. Rxd7 Rfc8 20. Rxc7 Rxc7 21. Nd3 Bf8 22. Qa4 {1-0 Schlosser,
P-Herbrechtsmeier,C/BL 9293/1993 (34)}) (18... Qc8 19. Be7 $16) 19. Rc1 (19. e4
h6 20. Bd2 Nc6 21. Nc2 Be6 $10) 19... Rxc1 20. Bxc1 Be6 (20... Bf5 $1 21. e4
Be6 22. b3 Qb5 23. Ba3 Re8 24. Rd8 Bf6 $1 25. Qd3 Qc6 {Tukmakov,V-Topalov,V/
Elenite (06)/1995/0-1 (67)  (27)}) 21. b3 e4 $1 22. Bxe4 Bxb3 23. axb3 Qxe4 24.
Nf3 (24. Ba3 Re8 25. Qd2 b6 26. Bb4 Qc6 27. Bxa5 bxa5 28. Rd8 Bf6 29. Qc2 Qe6
30. Rxe8+ Qxe8 $14 {Konopka,M-Ftacnik,L/CSR chT/1994/}) 24... h6 25. Be3 Nc6
26. Rd7 b6 27. Qc1 $5 {1/2-1/2 Ribli,Z-Ftacnik,L/Tilburg (01)/1994 (32)}) 18...
Nc6 19. Bxc6 bxc6 20. Be3 e4 21. Rd2 Qc8 22. Rc4 {[%mdl 4] Black should forget
about illusions of the near equality in this opening line, white can try to
benefit from his better pawn structure without any real risk.} (22. Bd4 $1 Bh6
23. e3 Re8 $6 24. b4 Rf8 25. a3 Qa6 26. Bb2 {1-0 Makarov,M-Konopka,M/Budapest/
1996/ (48)}) 22... Re8 23. Ng2 Bg4 24. Bd4 Bf8 (24... Bxd4 25. Rcxd4 $16) (
24... Bh6 25. Ne3 c5 26. Nd5 Bxd2 27. Nf6+ Kf8 28. Nxh7+ Ke7 29. Qxd2 $16) 25.
Bc5 Be6 (25... Bh6 26. Ne3 $16) 26. Rc3 Bh6 (26... Bxa2 $2 27. Bxf8 Rxf8 28. b3
$18) 27. Be3 Bg7 28. Ra3 Bf8 (28... c5 29. Nf4 $14) 29. Ra4 (29. Rxa7 Rxa7 30.
Bxa7 Qa6 $11) 29... f5 30. h4 (30. Bxa7 Rb7 31. Nf4 c5 $14) 30... c5 31. Nf4 {
Excellent control of the d file, better pawn structure and active pieces are
all arguments for white's crisp advntage.} c4 (31... Bf7 32. Nd5 Bxd5 33. Rxd5
$16) 32. Rxa7 Rxa7 33. Bxa7 Bb4 34. Rd4 Bf7 35. Rd7 c3 (35... Bf8 36. Nd5 Qc6
37. Qd2 $16) 36. bxc3 Bxc3 (36... Qxc3 37. Nd5 Qc4 38. Nf6+ $18) 37. Nd5 $1
Qxd7 (37... Qc4 38. Ne7+ (38. Nxc3 Qxc3 39. Be3 $16) 38... Kf8 39. Qd6 Kg7 40.
Rc7 Qb4 41. Nxf5+ gxf5 42. Qd7 $18) 38. Nf6+ Bxf6 39. Qxd7 Rd8 40. Qc6 (40. Qc7
$2 Bxa2 $14) 40... Kg7 41. Be3 Rd1+ (41... Bxa2 42. Bh6+ Kf7 43. Qb7+ (43. Bg5
Be6 $16) 43... Be7 44. Bg5 Re8 45. Kf1 Be6 46. Ke1 $18) 42. Kg2 Bxa2 43. Bh6+
$1 {The technical part of the game is not without it's charm, black is
suffering despite limited material.} Kxh6 (43... Kf7 44. Qb7+ Ke6 45. Qa6+ $18)
44. Qxf6 Bc4 45. Qc3 Bd5 46. Qe3+ Kg7 47. h5 Kf6 48. Qc3+ Kg5 49. Qg7 Rd2 50.
hxg6 hxg6 51. Qh8 f4 52. Qh4+ Kf5 53. Qxf4+ 1-0